[Event "Ceske Budejovice op-A"]
[Site "Ceske Budejovice"]
[Date "2022.07.08"]
[Round "8"]
[White "Simek, Petr1"]
[Black "Saravanan, Durga"]
[Result "1-0"]
[WhiteElo "2348"]
[BlackElo "1908"]
[PlyCount "179"]
[EventDate "2022.07.01"]
[EventType "swiss"]
[EventRounds "9"]
[EventCountry "CZE"]
[SourceTitle "CBM 209 Extra"]
[Source "ChessBase"]
[SourceDate "2022.09.30"]
[SourceVersion "1"]
[SourceVersionDate "2022.09.30"]
[SourceQuality "1"]

1. d4 Nf6 2. c4 e6 3. Nf3 d5 4. g3 Bb4+ 5. Bd2 Bd6 6. Nc3 0-0 7. Bg2 dxc4 8. e4 Be7 9. Qe2 a6 10. a4 c5 11. dxc5 Bxc5 12. Qxc4 Qb6 13. 0-0 Ng4 14. Qe2 Nc6 15. a5 Nxa5 16. Na4 Bxf2+ 17. Rxf2 Qxf2+ 18. Qxf2 Nxf2 19. Kxf2 Nb3 20. Nb6 Nxa1 21. Nxa8 b5 22. Nb6 Bb7 23. Ne5 Rd8 24. Bc3 Nb3 25. Ke3 Rd6 26. Ned7 Bc6 27. e5 Rxd7 28. Bxc6 Rc7 29. Be4 a5 30. Ke2 b4 31. Be1 Rc5 32. Nd7 Rc4 33. Ke3 Rc1 34. Ke2 Rc4 35. Ke3 Rc1 36. Kf2 Nc5 37. Nxc5 Rxc5 38. Ke3 Rxe5 39. Kd4 Rh5 40. h4 Rb5 41. b3 h6 42. g4 f6 43. Bg3 e5+ 44. Kc4 Rb8 45. Bf2 Kf7 46. h5 Ke6 47. Ba7 Rc8+ 48. Bc5 Rb8 49. Bf5+ Kf7 50. Bd6 Ra8 51. Kb5 Rd8 52. Bc5 Ra8 53. Bb6 Ke7 54. Bxa5 Kd6 55. Be4 Rb8+ 56. Kc4 Rc8+ 57. Kxb4 Rc1 58. Kb5 Rg1 59. Bb4+ Ke6 60. Bf5+ Kd5 61. Bf8 e4 62. Bxg7 e3 63. Bxh6 e2 64. Bd2 e1Q 65. Bxe1 Rxe1 66. h6 Re8 67. h7 Rh8 68. Kb6 Kd6 69. Kb7 Rf8 70. b4 Rf7+ 71. Kb6 Rf8 72. b5 Rh8 73. Kb7 Rf8 74. b6 Re8 75. Bg6 Rh8 76. Ka7 Kd7 77. Bf5+ Kc6 78. b7 Kc7 79. Bc8 Kc6 80. b8Q Rxh7+ 81. Bb7+ Kc5 82. Qf8+ Kb5 83. Qxf6 Rc7 84. Qb6+ Ka4 85. Qxc7 Ka3 86. Qb6 Ka2 87. Be4 Ka3 88. Bc2 Ka2 89. Qb3+ Ka1 90. Qb1# 1-0

[Event "Ceske Budejovice op-A"]
[Site "Ceske Budejovice"]
[Date "2022.07.07"]
[Round "7"]
[White "Vojtek, Pavel"]
[Black "Saravanan, Durga"]
[Result "0-1"]
[WhiteElo "1711"]
[BlackElo "1908"]
[PlyCount "66"]
[EventDate "2022.07.01"]
[EventType "swiss"]
[EventRounds "9"]
[EventCountry "CZE"]
[SourceTitle "CBM 209 Extra"]
[Source "ChessBase"]
[SourceDate "2022.09.30"]
[SourceVersion "1"]
[SourceVersionDate "2022.09.30"]
[SourceQuality "1"]

1. c4 e6 2. g3 d5 3. Bg2 Nf6 4. Nc3 d4 5. Ne4 Be7 6. d3 0-0 7. Nxf6+ Bxf6 8. Qb3 c6 9. Nf3 e5 10. 0-0 a5 11. Nd2 Na6 12. Qd1 Bf5 13. Ne4 Be7 14. b3 Bg6 15. Nd2 Nc5 16. Ba3 f5 17. Qc1 Re8 18. Qc2 Bf8 19. Kh1 Rc8 20. f4 exf4 21. Rxf4 Ne6 22. Bxf8 Nxf4 23. gxf4 Kxf8 24. Nf3 Re3 25. Qd2 c5 26. Ng5 Qe7 27. Re1 b6 28. Nf3 Re8 29. Ne5 Bh5 30. Bf3 Bxf3+ 31. exf3 Rxe1+ 32. Qxe1 g5 33. Qd2 Qd6 0-1

[Event "Ceske Budejovice op-A"]
[Site "Ceske Budejovice"]
[Date "2022.07.06"]
[Round "6"]
[White "Saravanan, Durga"]
[Black "Sykora, Ondrej"]
[Result "0-1"]
[WhiteElo "1908"]
[BlackElo "2099"]
[PlyCount "154"]
[EventDate "2022.07.01"]
[EventType "swiss"]
[EventRounds "9"]
[EventCountry "CZE"]
[SourceTitle "CBM 209 Extra"]
[Source "ChessBase"]
[SourceDate "2022.09.30"]
[SourceVersion "1"]
[SourceVersionDate "2022.09.30"]
[SourceQuality "1"]

1. d4 c5 2. d5 e5 3. e4 d6 4. Nf3 Nf6 5. Nc3 Be7 6. Be2 0-0 7. 0-0 Ne8 8. Nd2 g6 9. Nc4 f5 10. f4 exf4 11. exf5 g5 12. Bd3 Ng7 13. h4 h6 14. hxg5 hxg5 15. g4 Bf6 16. Ne4 Ne8 17. a4 Na6 18. c3 Nac7 19. Bc2 b6 20. Bb3 Ba6 21. Rf2 Bxc4 22. Bxc4 Qe7 23. Qd3 Ng7 24. Bd2 Kf7 25. Rh2 Rh8 26. Rxh8 Rxh8 27. Kg2 Rh4 28. Nf2 Qd8 29. Rh1 Qh8 30. Rxh4 Qxh4 31. b4 Be5 32. Qf3 Nge8 33. Nd3 Kf6 34. Be1 Qh8 35. Nf2 Ke7 36. Ne4 Qh6 37. a5 b5 38. Ba2 c4 39. Qd1 f3+ 40. Kxf3 Qh1+ 41. Ke3 Bf4+ 42. Kd4 Nf6 43. Nxf6 Kxf6 44. Bxc4 Be5+ 45. Ke3 bxc4 46. Kd2 Qxd5+ 47. Kc2 Qxd1+ 48. Kxd1 Nb5 49. Kc2 a6 50. Bd2 d5 51. Be1 Kf7 52. Kb2 Bf6 53. Kc2 Ke8 54. Bd2 Kd7 55. Be1 Kc6 56. Kb2 Nd6 57. Bd2 Ne4 58. Be1 Be5 59. Kc2 Bf4 60. Kd1 Nf6 61. Ke2 Nxg4 62. Kf3 Ne5+ 63. Ke2 Nd3 64. f6 Nxe1 65. f7 Bd6 66. Kxe1 d4 67. Kd2 g4 68. cxd4 Bxb4+ 69. Ke2 g3 70. Kf3 c3 71. Ke2 g2 72. Kf2 c2 73. Kxg2 c1Q 74. Kg3 Qg5+ 75. Kh3 Bd6 76. d5+ Kxd5 77. f8Q Qg3# 0-1

[Event "Ceske Budejovice op-A"]
[Site "Ceske Budejovice"]
[Date "2022.07.05"]
[Round "5"]
[White "Nagyova, Daniela"]
[Black "Saravanan, Durga"]
[Result "0-1"]
[WhiteElo "1712"]
[BlackElo "1908"]
[PlyCount "132"]
[EventDate "2022.07.01"]
[EventType "swiss"]
[EventRounds "9"]
[EventCountry "CZE"]
[SourceTitle "CBM 209 Extra"]
[Source "ChessBase"]
[SourceDate "2022.09.30"]
[SourceVersion "1"]
[SourceVersionDate "2022.09.30"]
[SourceQuality "1"]

1. e4 c5 2. Nf3 d6 3. d4 cxd4 4. Nxd4 Nf6 5. Nc3 a6 6. Be2 e5 7. Nb3 Be6 8. f4 exf4 9. Bxf4 Nc6 10. g4 Nxg4 11. Qd2 Be7 12. Bxg4 Bxg4 13. Ne2 Bh4+ 14. Ng3 Ne5 15. 0-0 Nf3+ 16. Rxf3 Bxf3 17. Bxd6 Qb6+ 18. Bc5 Qg6 19. Qf2 Bxe4 20. Re1 0-0-0 21. Ba7 Bxg3 22. hxg3 Qf5 23. Qe3 Rhe8 24. Nd4 Qd5 25. Qf4 Qe5 26. Qe3 Qh5 27. Qc3+ Kd7 28. Re2 Qh1+ 29. Kf2 Rc8 30. Qb3 Qg2+ 31. Ke1 Qg1+ 32. Kd2 Qf1 33. Rxe4 Qg2+ 34. Re2 Rxe2+ 35. Nxe2 Ke7 36. Qa3+ Ke6 37. Qe3+ Kd7 38. Qf2 Qxf2 39. Bxf2 Ke6 40. c3 Kf5 41. Bd4 g5 42. Ke3 h5 43. Kf3 Re8 44. Be3 Kg6 45. Nd4 f5 46. Bf2 g4+ 47. Kg2 Kg5 48. a4 f4 49. gxf4+ Kxf4 50. Bh4 Re3 51. Bf2 Re4 52. Bh4 Re3 53. Bf2 Re8 54. Bh4 Ke3 55. Bg5+ Kd3 56. Kf2 b5 57. axb5 axb5 58. Nxb5 Re5 59. Bh6 Rxb5 60. Kg3 Rxb2 61. Bg7 Ke4 62. Bd4 Rd2 63. Bf6 Kf5 64. Bd4 Rd3+ 65. Kg2 h4 66. Kh2 Rxd4 0-1

[Event "Ceske Budejovice op-A"]
[Site "Ceske Budejovice"]
[Date "2022.07.04"]
[Round "4"]
[White "Saravanan, Durga"]
[Black "Koch Mueller, Oscar"]
[Result "0-1"]
[WhiteElo "1908"]
[BlackElo "2115"]
[PlyCount "83"]
[EventDate "2022.07.01"]
[EventType "swiss"]
[EventRounds "9"]
[EventCountry "CZE"]
[SourceTitle "CBM 209 Extra"]
[Source "ChessBase"]
[SourceDate "2022.09.30"]
[SourceVersion "1"]
[SourceVersionDate "2022.09.30"]
[SourceQuality "1"]

1. d4 Nf6 2. c4 e6 3. Nc3 Bb4 4. e3 0-0 5. Bd3 d5 6. Nf3 dxc4 7. Bxc4 b6 8. 0-0 Bb7 9. Qe2 Nbd7 10. Rd1 Qe7 11. Nb5 c6 12. Nc7 Rac8 13. Na6 Bd6 14. a4 e5 15. e4 exd4 16. Nxd4 g6 17. f3 Rfe8 18. Be3 Qe5 19. g3 Bf8 20. Bf4 Qe7 21. Nc7 Red8 22. Ba6 Nc5 23. Bxb7 Nxb7 24. Na6 Bg7 25. Be3 h5 26. Rac1 c5 27. Nb5 Na5 28. Rxd8+ Rxd8 29. Na3 Qd7 30. Qc2 Nc6 31. Qe2 Ne8 32. Kg2 h4 33. Qc4 h3+ 34. Kf1 Bxb2 35. Nb5 Bxc1 36. Qxc1 Qd1+ 37. Qxd1 Rxd1+ 38. Kf2 Rh1 39. g4 Rxh2+ 40. Kg3 Rh1 41. Bf4 Nd4 42. e5 0-1

[Event "World Cup U18 Girls Prel"]
[Site "Tornelo INT"]
[Date "2021.08.01"]
[Round "6"]
[White "Espinoza Coca, Laura"]
[Black "Saravanan, Durga"]
[Result "0-1"]
[WhiteElo "1086"]
[BlackElo "1615"]
[PlyCount "86"]
[EventDate "2021.08.01"]
[EventType "swiss (rapid)"]
[EventRounds "10"]
[EventCountry "NET"]
[SourceTitle "EXT 2024"]
[Source "ChessBase"]
[SourceDate "2023.10.10"]
[SourceVersion "1"]
[SourceVersionDate "2023.10.10"]
[SourceQuality "1"]

1. e4 c5 2. Nf3 d6 3. d4 cxd4 4. Nxd4 Nf6 5. Nc3 a6 6. a3 e5 7. Nb3 Be7 8. Be3 Be6 9. Qd2 Ng4 10. 0-0-0 Nxe3 11. fxe3 Nd7 12. Nd5 Bxd5 13. exd5 0-0 14. Kb1 a5 15. e4 a4 16. Nc1 Nc5 17. Bd3 Nxd3 18. Nxd3 f5 19. exf5 Rxf5 20. Rhf1 Qd7 21. Qe2 Raf8 22. Rxf5 Qxf5 23. Re1 Bg5 24. h3 Bh4 25. g4 Qf3 26. Qxf3 Rxf3 27. Rh1 e4 28. Ne1 Rf2 29. b4 axb3 30. cxb3 e3 31. Nc2 e2 32. Ne1 Rf1 33. Kc2 Rxh1 34. Nd3 e1Q 35. Nxe1 Rxe1 36. a4 Re5 37. b4 Rxd5 38. a5 Rb5 39. Kc3 Be1+ 40. Kc4 Rxb4+ 41. Kd5 Rb5+ 42. Kxd6 Rxa5 43. Kc7 b5 0-1

[Event "World Cup U18 Girls Prel"]
[Site "Tornelo INT"]
[Date "2021.08.01"]
[Round "8"]
[White "Pipia, Ekaterine"]
[Black "Saravanan, Durga"]
[Result "1-0"]
[WhiteElo "1953"]
[BlackElo "1615"]
[PlyCount "77"]
[EventDate "2021.08.01"]
[EventType "swiss (rapid)"]
[EventRounds "10"]
[EventCountry "NET"]
[SourceTitle "EXT 2024"]
[Source "ChessBase"]
[SourceDate "2023.10.10"]
[SourceVersion "1"]
[SourceVersionDate "2023.10.10"]
[SourceQuality "1"]

1. d4 Nf6 2. c4 e6 3. Nf3 d5 4. Nc3 Bb4 5. e3 0-0 6. Bd3 b6 7. 0-0 Bb7 8. Qb3 c5 9. Ne2 dxc4 10. Bxc4 Bxf3 11. gxf3 Nc6 12. a3 Ba5 13. dxc5 bxc5 14. Rd1 Qc7 15. e4 Bb6 16. Bf4 e5 17. Be3 Nd4 18. Bxd4 cxd4 19. Rac1 Qe7 20. Ng3 g6 21. Bb5 h5 22. Kh1 Rac8 23. Rxc8 Rxc8 24. Rg1 Kh7 25. Ba6 Rc5 26. Qd3 Qc7 27. Qd2 Rc2 28. Qg5 Qc6 29. Nf5 Kg8 30. Ne7+ Kf8 31. Nxc6 Rxc6 32. Qh6+ Ke7 33. Qg5 Rc2 34. Qxe5+ Kd7 35. Bb5+ Kc8 36. Qxf6 Rxf2 37. Rc1+ Kb7 38. Qc6+ Kb8 39. Qc8# 1-0